| 000 | 01134nam a2200277Ia 4500 | ||
|---|---|---|---|
| 003 | OSt | ||
| 005 | 20220923222055.0 | ||
| 006 | a|||||r|||| 00| 0 | ||
| 007 | ta | ||
| 008 | 220922b |||||||| |||| 00| 0 ben d | ||
| 024 | _a202,854 | ||
| 037 | _cTextual | ||
| 040 |
_aARTS _cARTS _bben |
||
| 041 |
_2ben _aben |
||
| 082 | _aO157,3M98w, 152N1 | ||
| 100 | _aचट्टोपाध्याय, सुनील कुमार; | ||
| 245 | 0 | _aविभूतिभ्ूाषण बंद्योपाध्याय | |
| 246 | _aVibhūtibhūāṣhaṇ bandyopādhyāya | ||
| 260 |
_aनई दिल्ली _b साहित्य अकादमी _c1991 |
||
| 300 |
_a108पृ0 _ccm. |
||
| 490 | _aभारतीय साहित्य के निर्माता | ||
| 650 |
_aबंगाली साहित्य _9156264 |
||
| 700 |
_aदास, मनमोहन, अनु. _9156269 |
||
| 942 |
_hO157,3M98w, 152N1 _cTEXL _2CC |
||
| 999 |
_c353655 _d353655 |
||